Name Dropping #25: Opera Composers #3 - Statistics

General Stats
  • This quiz has been taken 62 times
  • The average score is 18 of 26
Answer Stats
Hint Extra Hint Answer % Correct
Igor 1882–1971. The Rake's Progress Stravinsky
94%
Wolfgang Amadeus 1756–1791. Le nozze di Figaro (The Marriage of Figaro) Mozart
92%
Béla 1881–1945. A kékszakállú herceg vára (Bluebeard's Castle) Bartók
90%
Georges 1838–1875. Carmen Bizet
90%
Giuseppe 1813–1901. La traviata (The Fallen Woman) Verdi
90%
Maurice 1875–1937. L'enfant et les sortilèges (The Child and the Spells) Ravel
85%
Camille 1835–1921. Samson et Dalila (Samson and Delilah) Saint-Saëns
83%
Joseph 1732–1809. Armida Haydn
81%
Sergei 1891–1953. L'amour des trois oranges (The Love for Three Oranges) Prokofiev
81%
Alban 1885–1935. Wozzeck Berg
75%
George 1898–1937. Porgy and Bess Gershwin
75%
George Frideric 1685–1759. Giulio Cesare in Egitto (Julius Caesar in Egypt) Handel
73%
Bedřich 1824–1884. Prodaná nevěsta (The Bartered Bride) Smetana
65%
Alexander 1833–1887. Князь Игорь (Prince Igor) Borodin
63%
Paul 1895–1963. Mathis der Maler (Matthias the Painter) Hindemith
63%
Jacques 1819–1880. Les contes d'Hoffmann (The Tales of Hoffmann) Offenbach
63%
William 1902–1983. Troilus and Cressida Walton
63%
Charles 1818–1893. Faust Gounod
62%
Christoph Willibald 1714–1787. Orfeo ed Euridice (Orpheus and Eurydice) Gluck
60%
Giovanni Battista 1710–1736. La serva padrona (The Maid Turned Mistress) Pergolesi
60%
Léo 1836–1891. Lakmé Delibes
58%
André c. 1741–1813. Richard Coeur-de-lion (Richard the Lionheart) Grétry
54%
Franz 1878–1934. Der ferne Klang (The Distant Sound) Schreker
48%
Domenico 1749–1801. Il matrimonio segreto (The Secret Marriage) Cimarosa
42%
Giovanni 1740–1816. La Molinara (The Miller-Woman) Paisiello
35%
Johann Christoph 1667–1752. The Beggar's Opera Pepusch
29%
No matching quizzes found
Score Distribution
Percent of People with Each Score
Percentile by Number Answered
Your Score History
You have not taken this quiz